[Event "RUS-chT Blitz Men 2018"]
[Site "Sochi"]
[Date "2018.10.10"]
[Round "3"]
[White "Iljiushenok, Ilia"]
[Black "Savitskiy, Sergey"]
[Result "1/2-1/2"]
[WhiteElo "2539"]
[BlackElo "2413"]
[Annotator "TA"]
[PlyCount "250"]
[EventDate "2018.10.10"]
[EventType "swiss"]
[EventCountry "RUS"]
[SourceTitle "playchess.com"]
[Source "ChessBase"]
[SourceQuality "1"]

{[%evp 17,250,-3,53,67,61,41,61,56,55,24,14,0,0,-5,0,-16,-17,-18,-22,-38,-13,-18,-18,-19,-13,0,0,-32,-27,-28,-27,-37,-32,-31,-34,-72,-76,-90,-66,-106,-89,-198,-63,-106,-97,-136,-58,-215,-210,-290,-216,-201,-193,-244,-250,-291,-283,-347,-311,-425,-242,-436,-434,-458,-395,-492,-383,-442,-421,-433,-435,-456,-305,-317,-312,-302,-299,-368,-312,-317,-305,-337,-336,-363,-290,-753,-297,-297,-297,-334,-281,-281,-281,-281,-281,-281,-276,-288,-277,-328,-301,-325,-319,-331,-314,-370,-368,-413,-404,-417,-388,-423,-407,-631,-637,-604,-616,-625,-607,-612,-610,-609,-563,-601,-602,-560,-346,-1002,-993,-1272,-923,-1046,-1043,-981,-981,-981,-585,-29985,-969,-943,-922,-1700,-1699,-5704,-5708,-5169,-4268,-2402,-2447,-2394,-1397,-1515,-1179,-29980,-1480,-1400,-1039,-1149,-1384,-1215,0,-787,-610,-29972,-29973,-29973,-29974,-29972,-29975,-29975,-29975,-29975,-29972,-29972,-29973,-29973,-29968,-29968,-29969,-29973,0,-29960,-29968,-29978,-29976,-29975,-29976,-29977,-29978,-29978,-29973,-29974,0,-29977,-29972,-29977,0,-29975,-29975,-29975,-29976,-29976,-29975,-29978,-29969,-29969,-29970,-29970,-29971,-29971,-29972,-29974,-29975,-29974,0,-29970,0,-29968,-1400,-29959,0,0,0,-29959,0,-29967,-29966,-29957,-29952,-5197,-1037,-879,-602,-5065,-5065]} 1. e4 c5 2. Nc3 e6 3. Nf3 a6 4. d4 cxd4 5. Nxd4 b5 6. Bd3 Qc7 7. O-O Bb7 8. Qe2 Nf6 9. Bd2 {B43: Sicilian: Kan Variation: 5 Nc3} d6 {LiveBook: 3 Games} (9... Bd6 $11) (9... Bd6 10. Kh1 Nc6 11. Nxc6 dxc6 12. Rae1 e5 13. a4 h5 14. h3 h4 15. Ra1 Rb8 16. axb5 axb5 17. Nd1 Nh5 18. Ne3 g6 19. Ng4 Qe7 20. Qf3 Kf8 21. c4 Kg7 22. b4 bxc4 23. Bxc4 {½-½ (23) Kadric,D (2556)-Stukopin,A (2587) Kenner 2016}) 10. a4 $14 bxa4 11. Rxa4 {White is slightly better.} Be7 $1 12. Rfa1 O-O $1 13. f3 $146 ({Predecessor:} 13. b4 Nc6 14. Nxc6 Qxc6 15. Bxa6 Nxe4 16. Bxb7 Nxc3 17. Bxc6 Nxe2+ {1-0 (39) Gruber,M (2160)-Matt,S (1875) Seefeld 2007}) 13... Nfd7 14. Be3 Nc5 15. Ra5 Nxd3 16. Qxd3 Nd7 17. Qe2 Ne5 18. R5a4 Rfc8 19. Bf2 Nc4 20. Nd1 h6 21. b3 {[%cal Ra4c4]} Nb6 {[%cal Bc4b6,Bb6d7,Bd7c5,Bc5e4][%mdl 32]} 22. R4a2 d5 23. e5 Nd7 24. f4 Nc5 $36 {[%mdl 2048] Black is pushing.} 25. Be3 Ne4 26. Ra4 a5 27. R4a2 Bb4 28. Nb5 Qd8 29. c3 (29. Qf3 $17) 29... Be7 (29... Nxc3 $19 30. Ndxc3 Bxc3) 30. Bd4 Rcb8 {Hoping for ...Ba6.} 31. Na7 {[#]} Bc5 ({Better is} 31... Nc5 $1 $17 {[%cal Rc5b3]} 32. Qb5 Bc8 33. Qxa5 Nxb3 34. Qxd8+ Bxd8) 32. Bxc5 $2 (32. Qe3 $1 $15 Qb6 33. Rxa5 Bxd4 34. cxd4) 32... Nxc5 $19 33. Qb5 Nxb3 34. Qxb3 Rxa7 {[%cal Ba8a7,Ba7b7,Bb7c7,Bc7c4,Bc4e4][%mdl 32]} 35. Qc2 (35. Qb5 {might work better.}) 35... Bc6 36. Ne3 a4 37. Qd2 Rab7 38. Nc2 Bd7 (38... Rb1+ $142 39. Ne1 Qb6+ 40. Qf2 Qa5) 39. Nb4 $2 (39. g3) 39... Qb6+ 40. Kh1 Rc8 41. Ra3 Rbc7 42. Nc2 Qa5 43. Nb4 Rc4 44. f5 Re4 45. f6 Rxe5 46. fxg7 Rg5 ({Don't do} 46... Kxg7 47. Rf1 $19) 47. Nd3 Kxg7 48. Rf1 Qc7 49. Qf2 Bb5 {...Rf5 is the strong threat.} 50. Qf6+ Kg8 51. Qd4 $2 (51. Qxh6 Qe7 52. Rf3) 51... Bxd3 $2 (51... e5 52. Qe3 e4) 52. Qxd3 Qc4 53. Qf3 Rg7 54. Raa1 Qxc3 55. Qxc3 Rxc3 56. Rxa4 {[%mdl 4096] Endgame KRR-KRR} Rc7 57. h3 Kh7 58. Kh2 Rg5 59. Raf4 Kg7 60. R1f2 h5 61. Ra4 Re5 62. Ra3 Re4 63. Rg3+ Kf8 64. Rg5 h4 65. Rg6 (65. Ra2 $142) 65... d4 66. Rgf6 d3 67. R6f3 Rd7 68. Rd2 Red4 69. Kg1 e5 70. Kf2 Ke7 71. Ke3 Ke6 {Threatens to win with ...f5.} 72. Rf1 $2 (72. Rdf2) 72... f5 73. Rb1 Re4+ 74. Kf3 Rc4 75. Rb6+ Kf7 76. Rh6 Rd5 77. Ra2 {intending Ra7+.} Kg7 (77... d2 $142 78. Ra1 d1=Q+ 79. Rxd1 Rxd1 80. Rh7+ Kg6 81. Re7 Rd2 82. Re6+ Kg5 83. Rxe5 Rc3+ 84. Re3 Rxe3+ 85. Kxe3 Rxg2 86. Kd4 Rg3 87. Kc4 Rxh3 88. Kd5 Rg3 89. Kc6 h3 90. Kd6 h2 91. Kc6 h1=Q+ 92. Kd6 Rc3 93. Ke7 Qe4+ 94. Kf8 Rc7 95. Kg8 Qe8#) 78. Rb6 Rd7 79. Rd2 Rc2 80. Rxc2 dxc2 {KR-KR} 81. Rc6 Rd2 82. g4 hxg3 83. Kxg3 Kf7 84. h4 e4 85. h5 Kg7 (85... e3 $142 86. Kf3 {[#]} f4 $1 {[%mdl 512]} 87. Rc7+ Ke6 88. h6 Rf2+ 89. Kg4 e2 90. Rc8 Kf7 91. Rc7+ Ke6 92. Rc8 Kd7 93. h7 Rg2+ 94. Kf5 e1=Q 95. Rd8+ Kxd8 96. h8=Q+ Kc7 97. Qa8 c1=Q 98. Qa7+ Kd8 99. Qe7+ Kc8 100. Qf8+ Kc7 101. Qe7+ Kc6 102. Qf6+ Kb5 103. Qe6 Qc2+ 104. Kf6 Qg6+ 105. Ke7 Qgxe6+ 106. Kf8 Rg8#) 86. Kf4 Rf2+ 87. Ke3 Rh2 88. Kf4 Rf2+ 89. Ke3 Rf3+ 90. Ke2 Rh3 91. Kd2 f4 92. Kxc2 Rxh5 93. Rc4 Re5 94. Kd2 Kf6 95. Ke2 Kf5 96. Rc8 Re6 97. Rf8+ Rf6 98. Re8 Re6 99. Rf8+ Ke5 100. Rf7 Rd6 101. Re7+ Kd4 102. Re8 f3+ 103. Kf2 Kd3 104. Re7 Kd4 105. Re8 $1 Rd5 106. Re7 Rd6 107. Re8 $1 Rc6 108. Rd8+ Ke5 109. Re8+ Re6 110. Rh8 Kf4 111. Rf8+ Kg4 112. Rg8+ Kf5 113. Ke3 Rf6 114. Re8 Kg4 115. Rg8+ Kf5 116. Re8 $1 Re6 $2 (116... Kg5 117. Rg8+ Kh5 118. Rh8+ Kg4 119. Rg8+ Kh5 120. Rh8+ Kg4 121. Rg8+) 117. Rf8+ $2 {[%mdl 8192]} (117. Rg8 $11 Rf6) 117... Ke5 (117... Kg5 $142 118. Rg8+ Rg6 119. Re8 Rf6 120. Rg8+ Kh5 121. Rh8+ Kg4 122. Rg8+ Kh5 123. Rh8+ Kg4 124. Rg8+) 118. Ra8 Rd6 $2 (118... Kf6 119. Rg8 Kf5 120. Rg7 Rd6 121. Rf7+ Kg6 122. Ra7 Rd1 123. Ra5 Re1+ 124. Kf2 Re2+ 125. Kf1 Kf6 126. Ra8 Kf5 127. Rf8+ Kg4 128. Rg8+ Kf4 129. Rf8+ Ke3 130. Rc8 Rh2 131. Kg1 f2+ 132. Kxh2 f1=Q 133. Ra8 Qf7 134. Kg2 Qg7+ 135. Kf1 Kf3 136. Ke1 e3 137. Kd1 e2+ 138. Kd2 Qd4+ 139. Kc2 e1=Q 140. Rf8+ Kg4 141. Rg8+ Kh4 142. Rg4+ Kxg4 143. Kb3 Qed1+ 144. Ka3 Q1a4#) 119. Re8+ $11 Re6 $2 {[%mdl 8192]} (119... Kd5 $11 120. Rxe4 Rh6) 120. Ra8 Kf5 $2 (120... Kf6 {mates} 121. Ra1 Kg5 122. Rf1 Kf5 123. Ra1 Kg4 124. Rg1+ Kh3 125. Rg8 Rf6 126. Rh8+ Kg2 127. Rg8+ Kf1 128. Rb8 f2 129. Rc8 Rf3+ 130. Kxe4 Kg2 131. Rc2 Kg3 132. Rc1 Rf4+ 133. Ke5 f1=Q 134. Rxf1 Rxf1 135. Kd4 Kf3 136. Kd5 Rh1 137. Kd6 Ke4 138. Kc5 Rh3 139. Kc4 Ke5 140. Kc5 Rc3+ 141. Kb4 Kd4 142. Kb5 Rc2 143. Kb6 Kd5 144. Kb5 Rb2+ 145. Ka4 Kc4 146. Ka5 Rb1 147. Ka6 Kc5 148. Ka7 Kc6 149. Ka8 Kc7 150. Ka7 Ra1#) 121. Rf8+ $2 {[%mdl 8192]} (121. Rg8 $11 Rf6) 121... Kg4 122. Rg8+ Kh3 123. Kf2 Rf6 (123... Rc6 $142 124. Rh8+ Kg4 125. Rg8+ Kh5 126. Rh8+ Kg6) 124. Re8 $19 Rf4 125. Rg8 {[#]} e3+ $1 {[%mdl 32768] Precision: White = 28%, Black = 53%. . An unexpected result.} 1/2-1/2

[Event "RUS-chT Blitz Men 2018"]
[Site "Sochi"]
[Date "2018.10.10"]
[Round "3"]
[White "Potapov, Pavel"]
[Black "Dubov, Daniil"]
[Result "0-1"]
[WhiteElo "2515"]
[BlackElo "2703"]
[Annotator "TA"]
[PlyCount "70"]
[EventDate "2018.10.10"]
[EventType "swiss"]
[EventCountry "RUS"]
[SourceTitle "playchess.com"]
[Source "ChessBase"]
[SourceQuality "1"]

{[%evp 9,70,29,26,24,20,11,15,15,53,13,60,0,41,25,17,8,10,9,8,-14,0,-30,-21,-52,-58,-79,-75,-66,-43,-42,-32,-102,-91,-131,-112,-126,-134,-119,-95,-93,-77,-296,-288,-350,-352,-396,-441,-439,-435,-454,-375,-376,-376,-451,-451,-435,-381,-443,-380,-1871,-887,-1135,-579]} 1. e4 c5 2. Nf3 e6 3. g3 Nc6 4. Bg2 d6 5. O-O (5. d4 Nf6 6. dxc5 Nxe4 7. cxd6 Qxd6 8. Qe2 Nf6 9. O-O Be7 10. Rd1 Qc5 11. a3 O-O 12. b4 Qh5 {1-0 (55) Gelfand,B (2755)-Polgar,J (2687) Netanya 2009}) 5... Nf6 6. Re1 {B40: Sicilian: 2...e6, Unusual lines} Be7 7. c3 O-O 8. d4 {The position is equal.} e5 9. Nbd2 $146 ({Predecessor:} 9. d5 Nb8 10. a4 Nbd7 11. Na3 a6 12. Nc4 b6 {1-0 (44) Slipak,S (2445)-Abdalla,L (2289) Mar del Plata 2014}) 9... Qc7 {[%cal Re5d4]} 10. Nf1 (10. d5 $14 Na5 11. b3) 10... exd4 11. cxd4 Bg4 12. dxc5 dxc5 13. Bf4 Qb6 $36 {[%mdl 2048] Black is more active.} 14. Qc1 Rad8 15. h3 Be6 16. Ng5 Nb4 17. Nxe6 fxe6 18. Qc3 Rd3 19. Qc4 Rd4 20. Qc3 (20. Qe2 $15) 20... Nd3 $17 21. Re3 Nxf4 (21... Nxb2 $6 22. Rb1 $11) 22. gxf4 Nh5 {[%cal Bf6h5,Bh5f4,Bf4g2][%mdl 32]} 23. f5 Bg5 24. fxe6 Bxe3 ({Don't play} 24... Qxe6 $6 25. Qxc5 Qf6 26. Rf3 $11) 25. Nxe3 $2 (25. fxe3 $17 Rd6 26. e7) 25... Qxe6 $19 ({But not} 25... Nf4 26. Re1 $19) 26. Qxc5 {[#]} Nf4 $1 ({Inferior is} 26... Qf6 27. Ng4 $16) 27. Re1 Nxg2 28. Nxg2 Rxe4 29. Rd1 Qf7 30. Rd2 b6 31. Qg5 h6 32. Qg3 Re6 33. Kh1 Qf3 34. Qc7 $2 {[#]} (34. Kh2) 34... Qxh3+ (34... Rg6 $142 35. Qc4+ Kh7) 35. Kg1 Qg4 {Precision: White = 30%, Black = 47%.} 0-1

[Event "RUS-chT Blitz Men 2018"]
[Site "Sochi"]
[Date "2018.10.10"]
[Round "3"]
[White "Demidov, Mikhail"]
[Black "Alekseev, Evgeny"]
[Result "1-0"]
[WhiteElo "2514"]
[BlackElo "2620"]
[Annotator "TA"]
[PlyCount "105"]
[EventDate "2018.10.10"]
[EventType "swiss"]
[EventCountry "RUS"]
[SourceTitle "playchess.com"]
[Source "ChessBase"]
[SourceQuality "1"]

{[%evp 18,105,0,0,0,-24,-11,-43,-34,-68,-46,-56,-22,-82,-22,-14,-15,-20,0,-33,-33,-54,-59,-47,-50,-75,-27,-31,-16,-51,-50,-100,-90,-116,-64,-64,-64,-65,-73,-86,145,138,138,137,137,137,140,137,137,137,155,137,153,142,140,130,139,143,172,139,146,137,208,211,258,182,269,150,298,288,364,212,409,383,550,262,379,0,497,400,645,622,789,745,12841,12839,29982,29983,29994,29992]} 1. Nf3 c5 2. g3 Nc6 3. Bg2 g6 4. O-O Bg7 5. d3 d6 6. e4 e5 7. Nc3 Nge7 8. Nh4 O-O 9. f4 exf4 10. Bxf4 h6 {[#] White must now prevent ...g5. B25: Closed Sicilian: 3 g3, lines without early Be3} 11. Bd2 (11. Be3 Be6 12. Qd2 Kh7 13. Rae1 Qd7 14. Kh1 Rae8 15. Nd5 Bxd5 16. exd5 Ne5 17. b3 Ng8 18. d4 cxd4 19. Bxd4 {0-1 (76) Demidov,M (2514)-Timofeev,A (2588) Kazan 2018}) 11... Be6 12. a3 $146 ({Predecessor:} 12. Ne2 Qd7 13. Bc3 Nd4 14. Nf3 Nec6 15. Rf2 Kh7 16. Nf4 Nxf3+ 17. Bxf3 Nd4 18. Bg2 {0-1 (35) Masip Tressera,O (2052)-Vidarte Morales,A (2340) Barcelona 2016}) 12... Qd7 {Black is slightly better.} 13. Rb1 Nd4 14. Nf3 Nec6 15. Ne2 {[#]} (15. Nd5 $11) 15... Bg4 ({Better is} 15... Nxf3+ $1 $17 16. Bxf3 g5) 16. Nexd4 $11 Nxd4 17. c3 Nc6 18. Qb3 Rad8 19. Rbe1 Be6 20. Qc2 d5 {[%cal Bd6d5,Bd5d4][%mdl 32]} 21. e5 d4 22. c4 Bg4 23. Qc1 Kh7 24. Bf4 Rde8 25. b4 b6 (25... cxb4 $17 26. axb4 Nxb4) 26. b5 $15 Bxf3 $1 27. Bxf3 Nxe5 28. Bxe5 Bxe5 $2 (28... Rxe5 $17 {keeps the pressure on.} 29. Bc6 Qd6) 29. Bc6 $16 Qc7 30. Bxe8 Rxe8 31. Qd2 Kg7 32. Qg2 Re6 33. Qd5 h5 34. Kg2 Qe7 35. Qf3 f6 36. Re4 Rd6 37. Rfe1 Re6 38. R4e2 Qd7 39. a4 Kh6 (39... Qc8 $16 40. Ra2 Qc7) 40. Ra1 g5 41. Rae1 Re7 (41... g4 $142 42. Qf5 Re7) 42. h3 (42. Rxe5 $1 $18 fxe5 43. Qf6+ Kh7 44. Qxg5) 42... Qe6 (42... Kg6 $16 43. Rf1 Qe6) 43. g4 $18 {[%cal Bg3g4,Bg4h5][%mdl 32]} Kg7 44. Re4 (44. gxh5 $142 Kh6 45. a5) 44... Re8 $2 (44... h4 {keeps fighting.} 45. Ra1 Qf7) 45. gxh5 Kh6 (45... Rg8 $142 46. R1e2 Kh6) 46. R4e2 (46. h4 $142) 46... Re7 (46... Rg8 $142 47. Re4 Qc8 48. Rxe5 fxe5 49. Rxe5 Rf8) 47. Re4 Re8 $1 48. R1e2 Re7 (48... Rg8 $142 49. Kg1 Rg7) 49. h4 Rg7 50. Rg4 Qd6 51. hxg5+ fxg5 52. Qf5 Bf6 53. Re6 {Precision: White = 48%, Black = 26%.} 1-0

[Event "RUS-chT Blitz Men 2018"]
[Site "Sochi"]
[Date "2018.10.10"]
[Round "3"]
[White "Khanin, Semen"]
[Black "Gutenev, Alexander"]
[Result "1-0"]
[WhiteElo "2510"]
[BlackElo "2456"]
[Annotator "TA"]
[PlyCount "95"]
[EventDate "2018.10.10"]
[EventType "swiss"]
[EventCountry "RUS"]
[SourceTitle "playchess.com"]
[Source "ChessBase"]
[SourceQuality "1"]

{[%evp 23,95,27,33,17,41,29,42,45,35,35,53,47,50,28,62,67,168,168,168,164,165,160,179,187,178,167,174,33,113,118,107,113,118,111,123,50,130,130,141,38,143,122,140,134,155,144,243,36,36,36,36,36,36,36,36,36,36,36,36,36,36,0,36,36,75,63,64,36,239,36,36,0,165,129]} 1. e4 c5 2. Nf3 Nc6 3. d4 cxd4 4. Nxd4 Nf6 5. Nc3 d6 6. Bg5 e6 7. Qd2 a6 8. O-O-O Bd7 9. f3 Be7 10. h4 h6 {B67: Sizilianisch (Richter/Rauser-Angriff)} 11. Be3 h5 12. Nxc6 (12. Kb1 Qc7 13. Bg5 Ne5 14. Bd3 b5 15. Rhe1 b4 16. Nce2 a5 17. f4 Neg4 18. Ng1 {½-½ (91) Short,N (2678)-Li,C (2732) Riadh 2017}) 12... Bxc6 {LiveBook: 12 Partien. Weiß hat minimalen Vorteil.} 13. Bd3 $146 ({Vorgänger:} 13. Kb1 d5 14. Qf2 Bb4 15. Ne2 Qc7 16. Bb6 Qe7 17. e5 Nd7 18. Bd4 {½-½ (46) Zhao,J (2621)-Zhou,J (2578) China 2015}) 13... Qa5 14. Kb1 Nd7 15. Bg5 Bxg5 16. hxg5 O-O-O 17. Be2 Nb6 18. a3 Kb8 19. Qf4 $36 {[%mdl 2048] Weiss drückt.} Qe5 {[#]} (19... Qc5 $14) 20. Qxe5 $1 $18 ({Jedoch nicht} 20. Qxf7 $6 Be8 $16) 20... dxe5 21. Rxd8+ Rxd8 22. Rxh5 Nd7 23. Kc1 Kc7 24. g3 Kd6 25. f4 ({Besser ist} 25. Nd1 $18) 25... Ke7 (25... Nc5 $14) 26. Rh7 $16 Rg8 27. Kd2 Nf8 28. Rh1 f6 29. fxe5 (29. Rh5 $16) 29... fxe5 (29... fxg5 $14 30. Rh5 Be8) 30. Ke3 Nd7 31. b4 (31. Nb1 $16) 31... Kf7 ({Lieber} 31... Nb6 $14) 32. Nd1 Kg6 33. c4 b6 34. Nf2 {Und weiter mit Td1 wäre nett.} Kxg5 {[#]} (34... Kf7 $16 35. Rc1 a5) 35. Nd3 $2 (35. Rd1 $1 $18) 35... Kf6 $14 36. Rf1+ Ke7 37. Bh5 g6 38. Bf3 Rh8 39. Rh1 Rxh1 40. Bxh1 {[%mdl 4096] Endspiel KLS-KLS} Kd6 41. Kd2 Nf6 42. Ke3 {c5+ ist eine echte Drohung.} Ng4+ 43. Ke2 Bb7 44. Bf3 Nf6 45. Ke3 Bc6 $2 (45... Nd7 $1 $14) 46. Nf2 $2 ({Der einzige Zug:} 46. c5+ $18 bxc5 47. bxc5+ Ke7 48. Nxe5) 46... Ba4 47. Nd3 Bb3 $2 (47... Bc6 $11) 48. c5+ {Precision: Weiß = 48%, Schwarz = 34%.} 1-0

[Event "RUS-chT Blitz Men 2018"]
[Site "Sochi"]
[Date "2018.10.10"]
[Round "3"]
[White "Triapishko, Alexandr"]
[Black "Ponomarenko, Alexandr"]
[Result "1-0"]
[WhiteElo "2508"]
[BlackElo "2231"]
[Annotator "TA"]
[PlyCount "67"]
[EventDate "2018.10.10"]
[EventType "swiss"]
[EventCountry "RUS"]
[SourceTitle "playchess.com"]
[Source "ChessBase"]
[SourceQuality "1"]

{[%evp 17,67,-5,17,-42,10,10,18,0,61,33,88,74,115,115,115,111,119,131,127,116,131,133,233,234,412,410,474,285,284,273,260,160,170,181,254,182,187,92,98,107,103,110,441,437,453,387,489,375,1168,1137,954,775]} 1. e4 c5 2. Nf3 Nc6 3. Nc3 Nf6 4. g3 d6 5. Bg2 g6 6. O-O Bg7 7. d3 O-O 8. h3 a6 9. Be3 Rb8 10. e5 $146 {B25: Closed Sicilian: 3 g3, lines without early Be3} ({White should play} 10. d4 $11) ({Predecessor:} 10. Qd2 b5 11. a3 a5 12. Bh6 b4 13. axb4 axb4 14. Nd1 Qb6 15. Bxg7 Kxg7 16. b3 Bd7 17. Ne3 Ra8 18. Rxa8 Rxa8 {½-½ (73) Inarkiev,E (2667)-Wojtaszek,R (2726) Warsaw 2010}) 10... Ne8 (10... dxe5 $15 11. Bxc5 b6) 11. exd6 $11 exd6 12. d4 {The position is equal.} c4 (12... Qb6 $11) 13. Nd2 {[%cal Bf3d2,Bd2c4,Bc4d6][%mdl 32]} (13. Bg5 $5 {[%cal Rg5d8]} Ne7 14. Nd5 $14) 13... Nxd4 (13... Ne7 $14) 14. Nxc4 $16 Ne6 15. Ba7 Ra8 16. Bb6 N6c7 17. Nd5 $36 {[%mdl 2048] Keeping Black busy.} Be6 18. Nxc7 Nxc7 19. Nxd6 Qd7 (19... Bxb2 $16 {keeps fighting.} 20. Nxb7 Qc8) 20. Nxb7 $18 Qxd1 $2 {[#]} (20... Nd5 {might work better.}) 21. Raxd1 Nb5 22. Nc5 Rab8 23. Nxe6 fxe6 24. Bc5 Rfc8 25. b4 Nc3 (25... a5 $142 26. Rd7 axb4) 26. Rd6 Nxa2 27. Be4 (27. Rxa6 $6 Nxb4 28. Bxb4 Rxb4 $16) (27. Ba7 $18 {and White stays clearly on top.}) 27... Nxb4 28. Ba7 Rb5 29. Rxe6 Nxc2 $2 {[%mdl 8192] [#]} (29... Re5 $16 30. Rxe5 Bxe5) 30. Rc1 Rc7 31. Bb6 ({Less strong is} 31. Rxc2 Rxa7 32. Bd3 Rb4 $16) 31... Rc4 32. Bd3 ({Weaker is} 32. Bxc2 Bb2 $18) 32... Rd4 $2 (32... Rc3 33. Bxb5 (33. Bxc2 Rb2 $16) 33... axb5) 33. Bxb5 axb5 34. Rxc2 {Precision: White = 40%, Black = 32%.} 1-0

[Event "RUS-chT Blitz Men 2018"]
[Site "Sochi"]
[Date "2018.10.10"]
[Round "3"]
[White "Belyakov, Bogdan"]
[Black "Savchenko, Boris"]
[Result "1-0"]
[WhiteElo "2458"]
[BlackElo "2562"]
[Annotator "TA"]
[PlyCount "31"]
[EventDate "2018.10.10"]
[EventType "swiss"]
[EventCountry "RUS"]
[SourceTitle "playchess.com"]
[Source "ChessBase"]
[SourceQuality "1"]

{[%evp 18,31,-17,-25,18,14,273,284,515,502,29995,29996,29996,29997,29997,29998]} 1. e4 c5 2. c3 Nf6 3. e5 Nd5 4. d4 cxd4 5. cxd4 d6 6. Bc4 Nb6 7. Bb5+ Bd7 8. e6 fxe6 {B22: Sicilian: 2 c3} 9. Bd3 g6 10. h4 {LiveBook: 8 Games} Nc6 {Black has an edge.} (10... Nd5 11. h5 Qa5+ 12. Bd2 Qb6 13. Ne2 g5 14. Nbc3 Nc6 15. h6 Ncb4 16. Bxg5 {½-½ (130) Antonio,R (2478)-Gupta,A (2633) Olongapo City 2015}) 11. h5 Rg8 $2 {[%mdl 8192]} (11... Bg7 $11) 12. hxg6 $18 hxg6 $146 {[#]} (12... Qc7 13. gxh7 Rh8) ({Predecessor:} 12... Qc7 13. gxh7 Rh8 14. Bg6+ Kd8 15. Nc3 a6 16. Nf3 {1-0 (31) Tomazini,Z (2050)-Pastar,S Sibenik 2007}) 13. Rh8 $1 {[%mdl 512]} Kf7 (13... Qc7 $18 14. Rxg8 O-O-O) (13... Rxh8 14. Bxg6#) 14. Qf3+ {White mates.} Kg7 {[#]} 15. Rh7+ $1 {[%mdl 512]} Kxh7 16. Qh5+ 1-0

[Event "RUS-chT Blitz Men 2018"]
[Site "Sochi"]
[Date "2018.10.10"]
[Round "3"]
[White "Usmanov, Vasily"]
[Black "Afanasiev, Nikita"]
[Result "0-1"]
[WhiteElo "2453"]
[BlackElo "2487"]
[Annotator "TA"]
[PlyCount "146"]
[EventDate "2018.10.10"]
[EventType "swiss"]
[EventCountry "RUS"]
[SourceTitle "playchess.com"]
[Source "ChessBase"]
[SourceQuality "1"]

{[%evp 9,146,-5,0,0,0,-4,26,-43,24,34,49,57,93,60,86,73,63,28,83,8,42,-33,-38,-23,-32,-32,0,2,18,6,9,17,29,29,29,29,43,34,49,-37,-33,-20,0,-8,-7,-7,0,-33,0,0,0,0,0,0,-3,-8,-9,-28,0,-36,-17,-22,-31,-78,-84,-112,-108,-102,-118,-148,-73,-61,-11,-11,-11,-11,-11,-11,-11,-11,-7,-11,-11,-11,-11,-18,-11,-11,0,-94,-8,-8,-8,-8,-8,-8,-8,-8,-10,-10,0,-64,-64,-602,-584,-29970,-29971,-29971,-29972,-29973,-29974,-29982,-29971,-29971,-29972,-29971,-29973,-29972,-29972,-29973,-29972,-29973,-29974,-29968,-29965,-29975,-29976,-29977,-29978,-29978,-29979,-29990,-29991,-29991,-29992,-29992,-29993,-29993,-29994]} 1. d4 Nf6 2. Bg5 e6 3. Nd2 d5 4. e3 h6 5. Bh4 c5 6. c3 {D00: 1 d4 d5: Unusual lines} Nc6 (6... Be7 7. Bd3 Qb6 8. Rb1 Bd7 9. a4 Bc6 10. dxc5 Qxc5 11. b4 Qxc3 12. Rb3 {1-0 (26) Andreikin,D (2702)-Wang,Y (2690) China 2018}) 7. Bd3 Bd6 8. f4 (8. Ngf3 $11) 8... Ne7 $146 (8... Qb6 $15) ({Predecessor:} 8... Bd7 9. Qf3 Qb6 10. O-O-O Rc8 11. dxc5 Bxc5 12. Re1 Na5 {½-½ (66) Bellon Lopez,J (2329)-Westerberg,J (2489) Stockholm 2016}) 9. Ngf3 $11 b6 10. O-O Bb7 11. Ne5 a6 12. Qe2 (12. f5 {feels hotter.} exf5 13. Bxf5 Bxe5 14. dxe5 Nxf5 15. Bxf6 Nxe3 16. Qe2) 12... Qc7 13. Rae1 b5 (13... Ne4 $11) 14. a3 ({White should try} 14. dxc5 $16 Bxc5 15. Nb3) 14... Ne4 15. Nxe4 (15. Bxe7 $14 Qxe7 16. Bxe4 dxe4 17. Qd1) 15... dxe4 $15 16. Bb1 Nf5 17. Bf2 h5 (17... O-O {looks sharper.} 18. Qh5 Bd5 19. g4 Ne7 20. Bh4 f6) 18. c4 cxd4 (18... bxc4 {seems wilder.} 19. Qxc4 cxd4 20. Qa4+ Kf8 21. exd4 g6) 19. exd4 Bxe5 20. dxe5 Qxc4 21. Qxc4 bxc4 22. Bxe4 Bd5 23. Re2 O-O 24. Rd1 (24. Bxf5 $14 exf5 25. Rd2) 24... Bxe4 25. Rxe4 Rab8 26. Rd2 Rfc8 27. Rc2 Rb3 28. Bd4 Nxd4 (28... Kh7 {with more complications.} 29. g3 Kg6 30. Bf2 h4 31. Kg2 a5) 29. Rxd4 {[%mdl 4096] Endgame KRR-KRR} c3 30. bxc3 Rxa3 31. c4 Rc5 32. Kf2 Kh7 33. h3 h4 34. Ke2 (34. f5 $5) 34... Kg6 35. Rd3 Ra4 36. Rdc3 Kf5 37. Kf3 a5 38. g4+ hxg3 $1 39. Kxg3 Rb4 (39... Ke4 $142 40. Rd2 Raxc4 41. Rxc4+ Rxc4) 40. Kf3 $17 a4 41. Rg2 {[%csl Gf4][%cal Rg2g5] [#]} f6 42. Rxg7 {Threatens to win with Rf7.} Rcxc4 43. Rxc4 Rxc4 44. exf6 {Strongly threatening f7.} Rxf4+ $11 {KR-KR} 45. Ke3 {[#] Hoping for f7.} (45. Kg3 {is more complex.} Kxf6 46. Rg8 Rd4 47. Rf8+ Kg5 48. h4+) 45... Kxf6 46. Ra7 Rh4 47. Ke2 Ke5 {next ...Kf5 is good for Black.} 48. Ra5+ Kf6 49. Kf2 (49. Ra7 $1 $11) 49... e5 (49... Rb4 $17 {Threatening ...e5.} 50. Ke2 Rd4) 50. Kg3 Rb4 51. Ra8 Kf5 {aiming for ...Rb3+.} 52. Rf8+ Ke4 53. h4 $1 Rb1 54. Ra8 Rb4 55. Kg4 (55. Rf8 $11) 55... Kd3+ $1 $15 56. Kf5 $2 {[%mdl 8192]} (56. Kg3 $15) 56... e4 {[%cal Be5e4,Be4e3][%mdl 32] White must now prevent ...e3.} 57. Kf4 e3+ {Black mates.} 58. Kf3 Rxh4 59. Rd8+ Rd4 60. Re8 e2 61. Re3+ Kc2 62. Rxe2+ Rd2 63. Re8 a3 64. Ra8 Kb2 65. Ke3 Rd5 66. Rb8+ Kc2 67. Rc8+ Kb3 68. Rb8+ Ka4 69. Ke4 Ra5 70. Kd3 a2 71. Kc4 a1=Q 72. Rb4+ Ka3 73. Rb3+ Ka2 {Precision: White = 36%, Black = 39%.} 0-1